[Event "Pardubice Czech op-C 32nd"]
[Site "Pardubice"]
[Date "2021.07.26"]
[Round "4"]
[White "Humhej, Jan"]
[Black "Kvapil, Petr"]
[Result "0-1"]
[WhiteElo "1260"]
[BlackElo "1663"]
[PlyCount "62"]
[EventDate "2021.07.24"]
[EventType "swiss"]
[EventRounds "9"]
[EventCountry "CZE"]
[SourceTitle "EXT 2022"]
[Source "ChessBase"]
[SourceDate "2021.10.06"]
[SourceVersion "1"]
[SourceVersionDate "2021.10.06"]
[SourceQuality "1"]

1. e4 c5 2. Nc3 Nc6 3. Bb5 Nd4 4. Bc4 e6 5. Nge2 Nc6 6. 0-0 g6 7. d3 Bg7 8. a3 a6 9. a4 Nge7 10. f4 0-0 11. Qe1 b6 12. Qh4 Nd4 13. Nxd4 Bxd4+ 14. Kh1 Nc6 15. Qxd8 Rxd8 16. Ne2 Bg7 17. c3 d5 18. exd5 exd5 19. Bb3 Be6 20. Bd2 Re8 21. h3 Rad8 22. Rae1 Bf5 23. Rf3 c4 24. Bc2 d4 25. g4 dxc3 26. Bxc3 Bxc3 27. bxc3 Bxd3 28. Bd1 Be4 29. Kg2 Rd3 30. Ng1 Bxf3+ 31. Nxf3 Rxe1 0-1

[Event "Pardubice Czech op-C 32nd"]
[Site "Pardubice"]
[Date "2021.07.24"]
[Round "1"]
[White "Kvapil, Petr"]
[Black "Zrubek, Dan"]
[Result "1/2-1/2"]
[WhiteElo "1663"]
[BlackElo "1246"]
[PlyCount "74"]
[EventDate "2021.07.24"]
[EventType "swiss"]
[EventRounds "9"]
[EventCountry "CZE"]
[SourceTitle "EXT 2022"]
[Source "ChessBase"]
[SourceDate "2021.10.06"]
[SourceVersion "1"]
[SourceVersionDate "2021.10.06"]
[SourceQuality "1"]

1. c4 e5 2. Nc3 Nf6 3. g3 d5 4. cxd5 Nxd5 5. Bg2 Be6 6. d3 Nc6 7. Nf3 Be7 8. Bd2 0-0 9. 0-0 Qd7 10. a3 a6 11. b4 h6 12. Rc1 Nxc3 13. Bxc3 Bd6 14. Qc2 Bh3 15. Qb2 Rfe8 16. Rfd1 Bxg2 17. Kxg2 Qe7 18. Nd2 f5 19. Nc4 e4 20. d4 f4 21. d5 f3+ 22. exf3 exf3+ 23. Kh1 Ne5 24. Nxe5 Bxe5 25. Bxe5 Qxe5 26. Qxe5 Rxe5 27. Kg1 Re7 28. Rc3 Rf8 29. Kf1 Rf5 30. d6 cxd6 31. Rxd6 Rh5 32. Rxf3 Rxh2 33. Kg1 Rh5 34. Kg2 Rhe5 35. Rfd3 Kf7 36. Rd7 R5e6 37. Rxe7+ Kxe7 1/2-1/2